Т. 55, № 1; Физика твердого тела

Detalhes bibliográficos
Parent link:Физика твердого тела/ Российская академия наук ; Физико-технический институт им. А. Ф. Иоффе. Т. 55, № 1.— , 1959-
Idioma:russo
Publicado em: 2013
Formato: Livro
KOHA link:https://koha.lib.tpu.ru/cgi-bin/koha/opac-detail.pl?biblionumber=503081

MARC

LEADER 00000nam2a2200000 4500
001 503081
005 20231101102512.0
035 |a (RuTPU)RU\TPU\prd\173676 
090 |a 503081 
100 |a 20130405a19599999k y0rusy50 ca 
101 0 |a rus 
102 |a RU 
200 0 |a Т. 55, № 1 
210 |d 2013 
461 1 |0 (RuTPU)RU\TPU\prd\409  |t Физика твердого тела  |f Российская академия наук ; Физико-технический институт им. А. Ф. Иоффе  |v Т. 55, № 1  |d 1959- 
801 0 |a RU  |b 63413507  |c 20010227  |g PSBO 
801 1 |a RU  |b 63413507  |c 20130405 
801 2 |a RU  |b 63413507  |c 20230623  |g RCR 
942 |c BK 
999 |a НТБ_ТПУ  |b НФ  |e -1/20130109  |p П-6543  |s 5/20121010  |u 0,00  |v 1